000
00338nam a2200145Ia 4500
008
150201s2004 xx 000 0 und d
082
_a
301
_b
M.A.KHAN
100
_a
KHAN,MA.A
245
_a
SOCIOLOGY FOR NURSES
250
_a
1ST
260
_b
ACADEMIC PUBLISHERS
_a
DELHI
_c
2004
300
_a
1-254
650
_a
NURSING
942
_2
ddc
_c
BK
999
_c
4100
_d
4100